| 000 | 01069nam a22002531u 4500 | ||
|---|---|---|---|
| 001 | 05340 | ||
| 003 | HDC | ||
| 007 | cr bn ---aaaaa | ||
| 008 | 210119p2013 | d 00 engg | ||
| 040 | _aHDC | ||
| 100 |
_aNoor Azlin Ismail _eauthor _95569 |
||
| 245 | 4 |
_aThe Moderating Effect of Geographical Scope on the Relationship between Managers' Prior International Knowledge and Working Experience and International Performance in the Malaysian Halal Food Industry / by _cNoor Azlin Ismail, Zainal Abidin Mohamed and Jegak Uli |
|
| 260 |
_a[no place] : _b[publisher not identified], _c2013 |
||
| 300 | _a 1 online resource (18 pages) | ||
| 336 |
_atext _2rdacontent |
||
| 337 |
_acomputer _2rdamedia |
||
| 338 |
_aonline resource _2rdacarrier |
||
| 650 |
_aexperiential knowledge _95570 |
||
| 650 |
_ahalal food industry _9128 |
||
| 856 | _zRequest full-text at [email protected] | ||
| 942 | _2lcc | ||
| 942 | _cAR | ||
| 942 | _kJART 001368 | ||
| 999 |
_c2664 _d2664 |
||